Personnages de James Bond : Alliés ou ennemis ? - Statistiques

Statistiques générales
  • Ce quiz a été pris 72 fois
  • Le résultat moyen est 50 sur 136
Statistiques - réponses
Hint Explanation Réponse % Correct
Mary Bonne-nuit L'homme au pistolet d'or Allié(e)
66%
Général Georgi Koskov Tuer n'est pas jouer Ennemi(e)
66%
Dr Julius No JB contre Dr No Ennemi(e)
59%
Holly Goodhead Moonraker Allié(e)
57%
Francisco Scaramanga L'homme au pistolet d'or Ennemi(e)
57%
Kissy Suzuki On ne vit que deux fois Allié(e)
55%
Colonel Tan-Sun Moon Meurs un autre jour Ennemi(e)
55%
Franz Sanchez Permis de tuer Ennemi(e)
54%
Shérif J.W. Pepper Plusieurs Allié(e)
52%
Général Chang Demain ne meurt jamais Ennemi(e)
52%
Colonel Heller Permis de tuer Ennemi(e)
50%
Le Chiffre Casino Royale Ennemi(e)
50%
Pussy Galore Goldfinger Allié(e)
48%
Karl Stromberg L'espion qui m'aimait Ennemi(e)
48%
Lyutsifer Safin Mourir peut attendre Ennemi(e)
48%
Baron Samedi Vivre et laisser mourir Ennemi(e)
48%
Ernst Stavro Blofeld Plusieurs Ennemi(e)
48%
Général Medrano Quantum of Solace Ennemi(e)
46%
Auric Goldfinger Goldfinger Ennemi(e)
46%
Emilio Largo Opération Tonnerre Ennemi(e)
46%
Raoul Silva Skyfall Ennemi(e)
46%
Général Ourumov GoldenEye Ennemi(e)
46%
Dominique Derval Opération Tonnerre Allié(e)
45%
M. Plusieurs Allié(e)
45%
Zao Meurs un autre jour Ennemi(e)
45%
Max Zorin Dangereusement vôtre Ennemi(e)
45%
Hans Klaub Dangereusement vôtre Ennemi(e)
45%
Carlos Nikolic Casino Royale Ennemi(e)
45%
Renard Le monde ne suffit pas Ennemi(e)
45%
Adolph Gettler Casino Royale Ennemi(e)
45%
Emile Leopold Locque Rien que pour vos yeux Ennemi(e)
43%
Elliot Carver Demain ne meurt jamais Ennemi(e)
43%
Colonel Luis Toro Octopussy Ennemi(e)
43%
Dr Alvarez Meurs un autre jour Ennemi(e)
43%
Oddjob Goldfinger Ennemi(e)
43%
Valdo Obruchev Mourir peut attendre Ennemi(e)
43%
Comte Lippe Opération Tonnerre Ennemi(e)
43%
Grunther Au service secret de Sa Majesté Ennemi(e)
43%
Primo Mourir peut attendre Ennemi(e)
43%
Mr Kil Meurs un autre jour Ennemi(e)
43%
Gabor Le monde ne suffit pas Ennemi(e)
43%
M. Wint Les diamants sont éternels Ennemi(e)
43%
Sasha Davidov Le monde ne suffit pas Ennemi(e)
41%
Vargas Opération Tonnerre Ennemi(e)
41%
Général Orlov Octopussy Ennemi(e)
41%
Mischka Octopussy Ennemi(e)
41%
Karnal Khan Octopussy Ennemi(e)
41%
Tov Kronsteen Bons Baisers de Russie Ennemi(e)
41%
Xenia Onatopp GoldenEye Ennemi(e)
41%
Brad Whitaker Tuer n'est pas jouer Ennemi(e)
41%
Scarpine Dangereusement vôtre Ennemi(e)
41%
Morzeny Bons Baisers de Russie Ennemi(e)
41%
Dr Kaufman Demain ne meurt jamais Ennemi(e)
41%
Félix Leiter Plusieurs Allié(e)
39%
Dr Kananga Vivre et laisser mourir Ennemi(e)
39%
Necros Tuer n'est pas jouer Ennemi(e)
39%
Grischka Octopussy Ennemi(e)
39%
Dominic Greene Quantum of Solace Ennemi(e)
39%
Mollaka Danso Casino Royale Ennemi(e)
39%
Henry Gupta Demain ne meurt jamais Ennemi(e)
39%
Tric-trac L'homme au pistolet d'or Ennemi(e)
39%
Dario Permis de tuer Ennemi(e)
39%
Stamper Demain ne meurt jamais Ennemi(e)
39%
M. Osato On ne vit que deux fois Ennemi(e)
39%
Alec Trevelyan GoldenEye Ennemi(e)
39%
Steven Obanno Casino Royale Ennemi(e)
38%
Ed Killifer Permis de tuer Ennemi(e)
38%
Hugo Drax Moonraker Ennemi(e)
38%
Dryden Casino Royale Ennemi(e)
38%
Tee Hee Vivre et laisser mourir Ennemi(e)
38%
M. Wind Les diamants sont éternels Ennemi(e)
38%
Logan Ash Mourir peut attendre Ennemi(e)
38%
Madeleine Swann 007 Spectre Allié(e)
36%
Miss Moneypenny Plusieurs Allié(e)
36%
Donald Grant Bons Baisers de Russie Ennemi(e)
36%
Aris Kristatos Rien que pour vos yeux Ennemi(e)
36%
Boris Grishenko GoldenEye Ennemi(e)
36%
Alex Dimitrios Casino Royale Ennemi(e)
36%
Valenka Casino Royale Ennemi(e)
36%
Bert Saxby Les diamants sont éternels Ennemi(e)
36%
Professeur Dent JB contre Dr No Ennemi(e)
36%
Kerim Bey Bons Baisers de Russie Allié(e)
34%
Melina Havelock Rien que pour vos yeux Allié(e)
34%
Agent Fields Quantum of Solace Allié(e)
34%
Miranda Frost Meurs un autre jour Ennemi(e)
34%
Vlad Meurs un autre jour Ennemi(e)
34%
Erich Kriegler Rien que pour vos yeux Ennemi(e)
34%
M. White Plusieurs Ennemi(e)
34%
Hai Fait L'homme au pistolet d'or Ennemi(e)
34%
Rosa Klebb Bons Baisers de Russie Ennemi(e)
34%
Octopussy Octopussy Allié(e)
32%
Paris Carver Demain ne meurt jamais Allié(e)
32%
Stacey Sutton Dangereusement vôtre Allié(e)
32%
Milton Krest Permis de tuer Ennemi(e)
32%
M. Bull Le monde ne suffit pas Ennemi(e)
32%
Marco Sciarra 007 Spectre Ennemi(e)
32%
M. Hinx 007 Spectre Ennemi(e)
32%
Requin Plusieurs Ennemi(e)
32%
Major Boothroyd Plusieurs Allié(e)
30%
Dr Christmas Jones Le monde ne suffit pas Allié(e)
30%
Pam Bouvier Permis de tuer Allié(e)
30%
Tilly Masterson Goldfinger Allié(e)
30%
Camille Quantum of Solace Allié(e)
30%
Gobinda Octopussy Ennemi(e)
30%
Helga Brandt On ne vit que deux fois Ennemi(e)
30%
Elektra King Le monde ne suffit pas Ennemi(e)
30%
Honeychile Rider JB contre Dr No Allié(e)
29%
William Truman-Lodge Permis de tuer Ennemi(e)
29%
Elvis Quantum of Solace Ennemi(e)
29%
Fiona Volpe Opération Tonnerre Ennemi(e)
29%
R Plusieurs Allié(e)
27%
Natalya Fyodorovna Simonova GoldenEye Allié(e)
27%
Jinx Meurs un autre jour Allié(e)
27%
Tiffany Case Les diamants sont éternels Allié(e)
27%
Giulietta da Vinci Le monde ne suffit pas Ennemi(e)
27%
Tatiana Romanova Bons Baisers de Russie Allié(e)
25%
Jill Masterson Goldfinger Allié(e)
25%
Wai Lin Demain ne meurt jamais Allié(e)
23%
Anya Amasova L'espion qui m'aimait Allié(e)
23%
Severine
Skyfall Allié(e)
23%
Vesper Lynd Casino Royale Allié(e) & Ennemi(e)
23%
Patrice Skyfall Ennemi(e)
23%
Irma Bunt Au service secret de Sa Majesté Ennemi(e)
23%
May Day Dangereusement vôtre Allié(e) & Ennemi(e)
21%
Tracy di Vicenzo Au service secret de Sa Majesté Allié(e)
20%
Solitaire Vivre et laisser mourir Allié(e)
20%
Lupe Lamora Permis de tuer Allié(e)
20%
Quarrel JB contre Dr No Allié(e)
20%
Kamran Shah Tuer n'est pas jouer Allié(e)
18%
Kara Milovy Tuer n'est pas jouer Allié(e)
18%
Tigre Tanaka On ne vit que deux fois Allié(e)
18%
Jack Wade Plusieurs Allié(e)
16%
Anatol Alexis Gogol Plusieurs Allié(e)
13%
Charles Robinson Plusieurs Allié(e)
13%
Valentin Dmitriovich Zukovski Plusieurs Allié(e) & Ennemi(e)
7%
Requin Moonraker Allié(e)
4%
Aucun quiz correspondant
Distribution des résultats
% des personnes avec chaque résultat
Percentile par nombre de réponses
Votre historique - résultats
Vous n’avez pas pris ce quiz